Synonyms of movies - Statistics

General Stats
  • This quiz has been taken 27 times
  • The average score is 5 of 11
Answer Stats
Hint Answer % Correct
Locating Nelson Finding nemo
83%
Steel male Iron man
83%
Arachnid homo sapien Spider-man
83%
Ruler of the throng Lord of the ring
33%
Peperonata Ratatouille
33%
Let out a sound like an angry bear Scream
33%
Balls of steel Superman
33%
Furry land Zootopia
33%
Humongous saviour Sex Big hero six
28%
smelling out De knees Finding dory
28%
Nasty crusty yours truly despicable me
6%
No matching quizzes found
Score Distribution
Percent of People with Each Score
Percentile by Number Answered
Your Score History
You have not taken this quiz